• 首页
  • 本馆介绍
  • 公告通知
  • 最新文献
  • 馆藏检索
  • 电子资源
  • 读者导购
  • 参考咨询
  • 我的图书馆
  • 登录
  • 详细信息显示
  • 放入我的书架
  • 预约/预借图书
  • 作者相关作品
  • 分类相关作品
  • 丛书相关作品
  • 出版社相关作品

书目信息

  • 表格格式
  • 工作单格式
  • 卡片格式
题名:
灾变心理援助与社会工作
    
 
作者: 李德运 , 张建新 主编 ;中国社会工作协会社会心理健康服务指导中心 , 中国科学院心理研究所心理健康服务中心 编写
分册:  
出版信息: 长沙   湖南科学技术出版社  2011.06
页数: 266页
开本: 24cm
丛书名:
单 册:
中图分类: B845.67
科图分类:
主题词: 灾害--心理学 , 灾害 , 心理学
电子资源:
ISBN: 978-7-5357-6778-3
000 01412nam0 2200301 450
001 004917881
005 20120628154524.56
010    @a978-7-5357-6778-3@dCNY48.00
100    @a20110921d2011 em y0chiy50 ea
101 0  @achi
102    @aCN@b430000
105    @aak z 000yy
106    @ar
200 1  @a灾变心理援助与社会工作@9zai bian xin li yuan zhu yu she hui gong zuo@f李德运,张建新主编@g中国社会工作协会社会心理健康服务指导中心,中国科学院心理研究所心理健康服务中心编写
210    @a长沙@c湖南科学技术出版社@d2011.06
215    @a266页@c图@d24cm
300    @a灾后心理重建参考用书
330    @a本书简要阐述了灾后心理重建的基本理论、基本思路和框架,着重从心理援助和社会工作两个层面进行系统的介绍和描述,从理论到实践,从形式到内容,从前方实施到后方组织,全方位、多角度、分层次地介绍了为什么要开展心理重建,怎么开展社会工作,实施心理重建,如何评估心理重建的效果等内容。
606 0  @a灾害@x心理学
606 0  @a灾害
606 0  @a心理学
690    @aB845.67@v4
701  0 @a李德运@9li de yun@4主编
701  0 @a张建新@9zhang jian xin@4主编
712 02 @a中国社会工作协会社会心理健康服务指导中心@9zhong guo she hui gong zuo xie hui she hui xin li jian kang fu wu zhi dao zhong xin@4编写
712 02 @a中国科学院心理研究所心理健康服务中心@9zhong guo ke xue yuan xin li yan jiu suo xin li jian kang fu wu zhong xin@4编写
801  0 @aCN@bNLC@c20110921
905    @b541482-85@dB845.67@e1098@f4
    
    灾变心理援助与社会工作/李德运,张建新主编/中国社会工作协会社会心理健康服务指导中心,中国科学院心理研究所心理健康服务中心编写.-长沙:湖南科学技术出版社,2011.06
    266页:图;24cm
    灾后心理重建参考用书
    
    ISBN 978-7-5357-6778-3:CNY48.00
    本书简要阐述了灾后心理重建的基本理论、基本思路和框架,着重从心理援助和社会工作两个层面进行系统的介绍和描述,从理论到实践,从形式到内容,从前方实施到后方组织,全方位、多角度、分层次地介绍了为什么要开展心理重建,怎么开展社会工作,实施心理重建,如何评估心理重建的效果等内容。
●
相关链接 在E读中查询图书 在五车中查询图书 在当当中查询图书 在豆瓣中查询图书


正题名:灾变心理援助与社会工作     索取号:B845.67/1098         预约/预借

序号 登录号 条形码 馆藏地/架位号 状态 备注
1 541482   205414826   第一样本阅览室/ [索取号:B845.67/1098] 在馆    
2 541483   205414835   密集书库-海洋学院/ [索取号:B845.67/1098] 在馆    
3 541484   205414844   第一借阅区/ [索取号:B845.67/1098] 在馆    
4 541485   205414853   第一借阅区/ [索取号:B845.67/1098] 在馆    
唐山师范学院图书馆 欢迎您!
大连网信软件有限公司© 版权所有